000 01397nam0a2200325 4500
001 RU\NLR\BIBL_A\011899431
005 20190222110454.0
010 _a978-5-00118-057-9
_9500
021 _aRU
_bКН-П-18-090341
_9КН-П-18-6568
035 _a(NLR Aleph) 011899431
035 _a(RuMoRGB)009820098
090 _a10874827
_c10874827
100 _a20181224d2018 k y0rusy50 ca
101 0 _arus
102 _aRU
105 _aa|||z|||000zy
200 1 _aИмплицитная составляющая в технологии обучения физике
_eмонография
_fЕ. А. Пономарева, Н. Ф. Искандеров
210 _aКазань
_cБук
_d2018
215 _a171 с.
_cил., табл.
_d21
320 _aБиблиогр.: с. 139-161 (282 назв.)
606 1 _aФизика
_xПреподавание
_xСредняя школа
_2nlr_sh2
_3RU\NLR\AUTH\661049384
610 0 _aимплицитное обучение физике в школе
686 1 _aЧ426.51
700 1 _aПономарева
_bЕ. А.
_cпедагог, биофизика
_f1986-
_gЕлена Александровна
_3RU\NLR\AUTH\770170251
701 1 _aИскандеров
_bН.Ф.
_gНаиль Файзрахманович
942 _cBOOK
980 _aNBR
980 _aNB